Vŕba je potenciálnym zdrojom energie

Bibliographic Details
Main Authors: Daniel, Ján (Author), Habovštiak, Jozef, 1937- (Author)
Format: Article
Language:Slovak
ISSN:1335-440X
Subjects:

MARC

LEADER 00000nab a2200000 a 4500
001 vtls000872168
003 SK-MaSNL
005 20260302162146.0
008 040806c2004 xo 0 slo
015 |a SNBRB2004/05-14360 
035 |a CLN000223720 
040 |a SNKBUCL  |b slo  |c SNKBUCL  |e AACR2 
041 0 |a slo 
044 |a xo  |c SK 
080 |a 633.584.3  |2 UDC-MRF-SK2 
080 |a 620.95  |2 UDC-MRF-SK2 
080 |a 630*26  |2 UDC-MRF-SK2 
100 1 |a Daniel, Ján  |4 aut  |9 361040 
245 1 0 |a Vŕba je potenciálnym zdrojom energie  |c Jozef Habovštiak, Ján Daniel 
650 0 7 |a vŕba košikárska  |2 SNKPH  |9 78708 
650 0 7 |a alternatívne energetické zdroje  |2 SNKPH  |9 3476 
655 7 |a články z novín a časopisov  |2 SNK  |9 267496 
700 1 |a Habovštiak, Jozef,  |d 1937-  |4 aut  |9 5080 
773 0 |x 1335-440X  |t Sme. Roľnícke noviny  |g Č. 88 (16.4.2004) 
773 0 |x 1335-440X  |t [Príl.] Roľnícke noviny  |g Č. 16 (16.4.2004), s. 8 
850 |a Slovenská národná knižnica v Martine 
852 |a SNK  |b KIS3GCP 
999 |c 1379302  |d 1381232